| 000 | 00736nam a22002537a 4500 | ||
|---|---|---|---|
| 001 | 00751 | ||
| 003 | DO-SdBNP | ||
| 005 | 20240319124210.0 | ||
| 007 | 00751 | ||
| 008 | 160711b sp 2009||||| |||| 00| 0 spa d | ||
| 020 | _a9788420422701 | ||
| 040 |
_aBPMSU _bspa _cBPMSU |
||
| 082 | 4 |
_a863.6 _bM778c 2009 _222 |
|
| 100 | 1 | _aMontero, Rosa | |
| 245 | 1 | 0 |
_aCrónica del desamor / _cRosa Montero |
| 260 | 0 |
_aMadrid : _bSantillana, _c2009 |
|
| 300 |
_a256 p. : _324 cm. |
||
| 500 | _aIncluye datos biográficos de la autora en la solapa de la cubierta | ||
| 590 | _aInventariado, 2024/VM | ||
| 650 | 4 | _aNovela española | |
| 650 | 4 | _aLiteratura española | |
| 910 | _aBTAVÁREZ/ VMateo V. Control de calidad. BPMSU | ||
| 942 |
_2ddc _cBK |
||
| 999 |
_c10808 _d10808 |
||